书目信息 |
| 题名: |
汽车动力传动系及动力性能计算
|
|
| 作者: | 周良生 , 曲学春 , 周冬生 编著 | |
| 分册: | ||
| 出版信息: | 北京 机械工业出版社 2020.5 |
|
| 页数: | 202页 | |
| 开本: | 26cm | |
| 丛书名: | ||
| 单 册: | ||
| 中图分类: | U463.2 | |
| 科图分类: | ||
| 主题词: | 汽车--传动系 , 汽车--动力特性--计算 | |
| 电子资源: | ||
| ISBN: | 978-7-111-64956-4 | |
| 000 | 01036nam0 2200289 45 | |
| 001 | 012001002411 | |
| 005 | 20140914094441.0 | |
| 010 | @a978-7-111-64956-4@dCNY89.00 | |
| 100 | @a20200527d2020 em y0chiy50 ea | |
| 101 | 0 | @achi |
| 102 | @aCN@b110000 | |
| 105 | @aa z 000yy | |
| 106 | @ar | |
| 200 | 1 | @a汽车动力传动系及动力性能计算@Aqi che dong li zhuan dong xi ji dong li xing neng ji suan@b专著@f周良生[等]编著 |
| 210 | @a北京@c机械工业出版社@d2020.5 | |
| 215 | @a202页@c图,照片@d26cm | |
| 300 | @a汽车技术精品著作系列 | |
| 304 | @a编著者还有:曲学春、周冬生、孙九龙、彭莫 | |
| 330 | @a本书介绍了汽车动力传动系的发展历程和典型类型,讲解了先进的动力总成技术,其中包括新能源汽车(含燃料电池电动汽车)动力传动系的工作原理和发展趋势。 | |
| 606 | 0 | @a汽车@x传动系 |
| 606 | 0 | @a汽车@x动力特性@x计算 |
| 690 | @aU463.2@v5 | |
| 701 | 0 | @a周良生@AZhou Liang Sheng@4编著 |
| 701 | 0 | @a曲学春@Aqu xue chun@4编著 |
| 701 | 0 | @a周冬生@Azhou dong sheng@4编著 |
| 801 | 0 | @aCN@bBJSDL@c20211011 |
| 905 | @b1339622-4@dU463.2@e1092@f3 | |
| 汽车动力传动系及动力性能计算/周良生[等]编著.-北京:机械工业出版社,2020.5 |
| 202页:图,照片;26cm |
| 汽车技术精品著作系列 |
| ISBN 978-7-111-64956-4:CNY89.00 |
| 本书介绍了汽车动力传动系的发展历程和典型类型,讲解了先进的动力总成技术,其中包括新能源汽车(含燃料电池电动汽车)动力传动系的工作原理和发展趋势。 |
| ● |
| 相关链接 |
|
|
|
|
正题名:汽车动力传动系及动力性能计算
索取号:U463.2/1092
 
预约/预借
| 序号 | 登录号 | 条形码 | 馆藏地/架位号 | 状态 | 备注 |
| 1 | 1339622 | 213396225 | 第二样本阅览室/ [索取号:U463.2/1092] | 在馆 | |
| 2 | 1339623 | 213396234 | 第三借阅区/ [索取号:U463.2/1092] | 在馆 | |
| 3 | 1339624 | 213396243 | 第三借阅区/ [索取号:U463.2/1092] | 在馆 |